000 00791nam0a22002651 4500
001 rc\184902
005 20250620223333.0
010 _a5-85738-010-3
_95600
035 _a(NLR Aleph) 005443246
090 _a4779869
_c4779869
100 _a20030307d1997 |||y0rusy50 ca
101 0 _arus
102 _aRU
105 _aa |||||||||
200 1 _aФивы
_e(Пер. с исп.)
210 _aМ.
_cНовый Акрополь
_d1997
215 _a165 c.
_cил., карт.
_d20
225 1 _aБиблиотека "Нового Акрополя"
300 _aНа пер. авт. не указан
700 1 _aЛиврага
_bХ.А.
_f1930-1991
_gХорхе Анхель
801 0 _aRU
_bNLR
_gpsbo
801 1 _aRU
_bELAR
_2rusmarc
852 _aNLR
_j97-3/11658
942 _cBOOK
980 _aNB